000
00284nam a2200121Ia 4500
005
20251222155112.0
008
251222s9999||||xx |||||||||||||| ||spa||
082
_a
EST. 10
100
_a
INEI,
245
0
_a
Estadísticas Vitales - Lima Metropolitana
264
_b
INEI
942
_c
LIB
999
_c
38108
_d
38108